|
|
|
|
| LEADER |
00000nam0a2200000 4500 |
| 001 |
187983 |
| 005 |
20231101224114.0 |
| 035 |
|
|
|a (RuTPU)RU\TPU\book\204038
|
| 090 |
|
|
|a 187983
|
| 100 |
|
|
|a 20101129d2009 m y0rusy50 ca
|
| 101 |
0 |
|
|a rus
|
| 102 |
|
|
|a RU
|
| 105 |
|
|
|a y j 001zy
|
| 200 |
1 |
|
|a Социальная антропология
|e учебное пособие для вузов
|f Г. К. Гульбин
|g Томский политехнический университет (ТПУ), Институт дистанционного образования (ИДО)
|
| 210 |
|
|
|a Томск
|c Изд-во ТПУ
|d 2009
|
| 215 |
|
|
|a 128 с.
|
| 320 |
|
|
|a Библиография в конце тем.
|
| 320 |
|
|
|a Краткий словарь терминов: с. 109-116.
|
| 330 |
|
|
|a Учебное пособие содержит сведения по социальной антропологии в рамках программы государственного образовательного стандарта. Содержание учебного пособия позволяет получить представление об основах современной антропологии, ее проблемах и идеях. Оно характеризуется систематическим использованием ключевых понятий социальной антропологии и способствует формированию антропологических знаний студентов. Учебное пособие подготовлено на кафедре философии и предназначено для студентов ИДО, обучающихся по специальности 080505 «Управление персоналом».
|
| 606 |
1 |
|
|a Социальная антропология
|2 stltpush
|3 (RuTPU)RU\TPU\subj\55660
|9 73668
|
| 610 |
1 |
|
|a философия
|
| 610 |
1 |
|
|a социология
|
| 610 |
1 |
|
|a философия
|
| 610 |
1 |
|
|a человек
|
| 610 |
1 |
|
|a личность
|
| 610 |
1 |
|
|a индивид
|
| 610 |
1 |
|
|a антропология
|
| 610 |
1 |
|
|a антропогенез
|
| 610 |
1 |
|
|a расы
|
| 610 |
1 |
|
|a пол
|
| 610 |
1 |
|
|a социум
|
| 610 |
1 |
|
|a гендер
|
| 610 |
1 |
|
|a общество
|
| 610 |
1 |
|
|a культура
|
| 610 |
1 |
|
|a свобода личности
|
| 610 |
1 |
|
|a бытие
|
| 610 |
1 |
|
|a цивилизация
|
| 610 |
1 |
|
|a социальное государство
|
| 610 |
1 |
|
|a учебные пособия
|
| 610 |
1 |
|
|a труды учёных ТПУ
|
| 686 |
|
|
|a Ю61я73
|v LBC/SL-A
|2 rubbk
|
| 700 |
|
1 |
|a Гульбин
|b Г. К.
|c российский философ
|c доцент Томского политехического университета
|g Геннадий Константинович
|2 stltpush
|3 (RuTPU)RU\TPU\pers\24660
|
| 712 |
0 |
2 |
|a Томский политехнический университет (ТПУ)
|b Институт дистанционного образования (ИДО)
|2 stltpush
|3 (RuTPU)RU\TPU\col\12625
|
| 801 |
|
1 |
|a RU
|b 63413507
|c 20101129
|
| 801 |
|
2 |
|a RU
|b 63413507
|c 20230208
|g RCR
|
| 942 |
|
|
|c BK
|